000 01126nam a2200277 4500
001 111000
003 ES-MaACL
005 20251005063106.0
007 t|
008 061121s1978 sp r ||||1| spa d
020 _a84-7196-224-1
100 1 _aNadal i Farreras, Joaquim,
_d1948-
_9174523
245 1 0 _aComercio exterior y subdesarrollo :
_bEspaña y Gran Bretaña de 1772 a 1914 : política económica y relaciones comerciales /
_cJoaquín Nadal Farreras.
260 _aMadrid :
_bInstituto de Estudios Fiscales,
_c1978.
300 _aXI, 474 p. :
_bgráf. ;
_c24 cm.
490 1 _aEstudios de hacienda pública
504 _aBibliografía: p. 449-472.
651 7 _aEspaña-
_xComercio exterior-
_zGran Bretaña
_2
_9172049
651 4 _aEspaña-
_xPolítica comercial-
_yS.XVIII.
_9172066
651 7 _aEspaña-
_xPolítica comercial-
_yS.XIX
_2
_9172067
651 4 _aGran Bretaña-
_xComercio exterior-
_zEspaña-
_vHistoria.
_9172050
710 2 _aInstituto de Estudios Fiscales (España)
_9169207
830 1 _aEstudios de hacienda pública
_9183173
852 _aES-MaACL
_jL-98
999 _c111000
_d111000